| 000 | 00538nam a22001931a 4500 | ||
|---|---|---|---|
| 001 | 7419 | ||
| 003 | OSt | ||
| 005 | 20260204212130.0 | ||
| 008 | 071117s1993||||sp ||||||b||||||||||spa|| | ||
| 020 | _a8475099327 | ||
| 050 | _a371.37 Y84t | ||
| 100 | _aYoung, Rober | ||
| 245 | _aTeoría crítica de la educación y discurso en el aula / Rober Young | ||
| 264 | _aEspaña : Paidós | ||
| 300 | _a165 p | ||
| 500 | _aIncluye bibliografía, glosario e indice. | ||
| 650 | _aDiscurso - Educación 2.Discurso en el AulaÌ | ||
| 942 |
_2ddc _cBK |
||
| 999 |
_c7419 _d7419 |
||